000 01181 a2200241 4500
999 _c3833
_d3833
020 _a9781412913843
020 _a1412913845 (pbk.)
050 0 0 _aLB 1607.M 382005
100 1 _aMcCain, Ted D. E.
_eAuthor
245 1 0 _aTeaching for tomorrow :
_bteaching content and problem-solving skills /
_cTed McCain ; foreword by Frank S. Kelly.
264 _aCarlifona:
_bCorwin Press,
_c2005
300 _axiv, 91p. :
_bill.
500 _aIncludes bibliographical references (p. 87) and index.
504 _aIncludes bibliographical references (p. 87) and index.
650 0 _aHigh school teaching.
650 0 _aProblem-solving
_xStudy and teaching (Secondary)
650 0 _aSchool-to-work transition.
856 4 1 _3Table of contents
_uhttp://www.loc.gov/catdir/toc/ecip051/2004022982.html
856 4 2 _3Publisher description
_uhttp://www.loc.gov/catdir/enhancements/fy0659/2004022982-d.html
856 4 2 _3Contributor biographical information
_uhttp://www.loc.gov/catdir/enhancements/fy0734/2004022982-b.html
942 _2lcc
_cBK
_h1607.
_iMCC
_kLB